000 01069cam a22003017a 4500
005 20220329141208.0
008 971010s1991 r 00010 d
010 _a64188
011 _a65160
035 _a71421
090 _aTesis
100 0 0 _aValenzuela Leyva, Malaquías.
_9117492
245 0 _aEvaluación de la forma de aplicación de láminas de lavado en la recuperación de un suelo salino-sódico
260 _aChapingo, Méx. :
_bEl autor,
_c1991
300 _a92 h.
_b; ilus
502 _aTesis (Ing. Agr. Esp. en Suelos) -- UACH. Departamento de Suelos
590 _aALEPH
_b10
_c20130110
_lUCH01
_h1350
590 _aBATCH-UPD
_b10
_c20130110
_lUCH01
_h1432
590 _aBATCH-UPD
_b10
_c20130410
_lUCH01
_h0908
590 _aBATCH-UPD
_b10
_c20130914
_lUCH01
_h2038
590 _aCONVERSION
_b10
_c20130109
_lUCH01
_h1335
650 1 4 _aSuelos salinos.
_9110558
650 1 4 _aSuelos sódicos.
_9110560
650 1 4 _aSuelos
_xLixiviación.
_9110420
650 1 4 _aTierras
_xRecuperación de.
_9113120
901 _aBK
949 _bS
_cTES
_d-4044
_eTS1
_i71421
_si
999 _c64188
_d64188